Hand book of data analysis (Record no. 182084)

MARC details
000 -LEADER
fixed length control field 00404nam a2200157Ia 4500
005 - DATE AND TIME OF LATEST TRANSACTION
control field 20250428145925.0
008 - FIXED-LENGTH DATA ELEMENTS--GENERAL INFORMATION
fixed length control field 231217s9999 xx 000 0 und d
020 ## - INTERNATIONAL STANDARD BOOK NUMBER
International Standard Book Number 9780761966524
082 ## - DEWEY DECIMAL CLASSIFICATION NUMBER
Classification number 005 HAR;1 R
100 ## - MAIN ENTRY--PERSONAL NAME
Personal name Hardy, Melissa ed. Bryman, Alan.
245 #0 - TITLE STATEMENT
Title Hand book of data analysis
260 ## - PUBLICATION, DISTRIBUTION, ETC. (IMPRINT)
Date of publication, distribution, etc. NULL
Name of publisher, distributor, etc. Sagr Publications
Place of publication, distribution, etc. London
300 ## - PHYSICAL DESCRIPTION
Extent xvii+704
650 ## - SUBJECT ADDED ENTRY--TOPICAL TERM
Topical term or geographic name as entry element Hand
942 ## - ADDED ENTRY ELEMENTS (KOHA)
Koha item type Books
Holdings
Date last seen Total Checkouts Full call number Accession number Old discount Price effective from Category Lost status Damaged status Department Withdrawn status bill date Permanent Location Current Location Shelving location Entry date Vendor Grants Currency symbol Conversion rate Discount Discount type
26/01/2024   005 HAR;1 R 52199   26/01/2024 Books     Central Library   16/02/2012 Central Library Central Library Central Library 13/01/2009 Publisher DONATED RS 1   Rupees

© For any Suggestions or Query, please contact the library staff @ librarian@pes.edu or Phone: +9180 2672 1983/ 2108.